| 000 -LEADER |
| fixed length control field |
00799cam a2200241 a 4500 |
| 020 ## - INTERNATIONAL STANDARD BOOK NUMBER |
| ISBN |
9712200027 |
| 040 ## - CATALOGING SOURCE |
| Transcribing agency |
DNAL |
| 082 ## - DEWEY DECIMAL CLASSIFICATION NUMBER |
| Classification number |
631 INT 1990 A049 Or. |
| 245 00 - TITLE STATEMENT |
| Title |
Phosphorus requirements for sustainable agriculture in Asia and Oceania : |
| Remainder of title |
proceedings of a symposium, 6-10 March 1989 / |
| 260 ## - PUBLICATION, DISTRIBUTION, ETC. (IMPRINT) |
| Place of publication |
[Manila? Philippines] : |
| Name of publisher |
International Rice Research Institute, |
| Year of publication |
1990. |
| 300 ## - PHYSICAL DESCRIPTION |
| Number of Pages |
xvi, 478 p. : |
| Other physical details |
ill. ; |
| Dimensions |
23 cm. |
| 650 #0 - SUBJECT ADDED ENTRY--TOPICAL TERM |
| Topical Term |
Phosphorus in agriculture |
| 650 #0 - SUBJECT ADDED ENTRY--TOPICAL TERM |
| Topical Term |
Phosphorus in agriculture |
| 650 #0 - SUBJECT ADDED ENTRY--TOPICAL TERM |
| Topical Term |
Soils |
| 650 #0 - SUBJECT ADDED ENTRY--TOPICAL TERM |
| Topical Term |
Soils |
| 650 #0 - SUBJECT ADDED ENTRY--TOPICAL TERM |
| Topical Term |
Plants |
| 650 #0 - SUBJECT ADDED ENTRY--TOPICAL TERM |
| Topical Term |
Plants |
| 650 #0 - SUBJECT ADDED ENTRY--TOPICAL TERM |
| Topical Term |
Sustainable agriculture |
| 650 #0 - SUBJECT ADDED ENTRY--TOPICAL TERM |
| Topical Term |
Sustainable agriculture |
| 710 2# - ADDED ENTRY--CORPORATE NAME |
| Corporate name or jurisdiction name as entry element |
International Rice Research Institute. |
| 710 2# - ADDED ENTRY--CORPORATE NAME |
| Corporate name or jurisdiction name as entry element |
International Council of Scientific Unions. |
| 942 ## - ADDED ENTRY ELEMENTS (KOHA) |
| Koha item type |
សៀវភៅភាសាអង់គ្លេស |
| 952 ## - LOCATION AND ITEM INFORMATION (KOHA) |
| Withdrawn status [LOCAL, KOHA] |
0 |